000 01084nmc a2200361 a 4500
003 AR-BaBNM
005 20251128204321.0
008 011101s1992 ||||||||||||||000 | spa||
020 _a950-602-254-2
040 _cAR-BaBNM
100 1 _aGalloway, David
245 1 0 _aLa educación de los niños perturbadores
_balumnos con dificultades de aprendizaje y adaptación
250 _a2ª ed.
260 _aBuenos Aires
_bNueva Visión
_c1992
300 _a253 p.
_btablas
490 0 _aAlternativas en salud mental
500 _aContiene referencias bibliográficas
650 4 _aEDUCACION ESPECIAL
650 4 _aALUMNOS ATIPICOS
650 4 _aDIFICULTADES EN EL APRENDIZAJE
650 4 _aEDUCACION COMPARADA
650 4 _aNINOS CON PROBLEMAS DE CONDUCTA
650 4 _aNINOS
650 4 _aNECESIDADES EDUCACIONALES
650 4 _aOBJETIVOS EDUCACIONALES
651 4 _aNoruega
651 4 _aEstados Unidos
700 1 _aGoodwin, Carole
700 1 _aPiatigorsky, Jorge
_etraductor
800 1 _aEcheverría, Haydée
_edirector
942 _cBK
998 _cMARTIN
999 _c6997
_d6997